| 000 | 00368nam a2200145Ia 4500 | ||
|---|---|---|---|
| 008 | 150201s2005 xx 000 0 und d | ||
| 082 |
_a610 _bP2005R |
||
| 100 | _aRAO,B.SRIDHAR | ||
| 245 | _aPRINCIPLES OF COMMUNITY MEDICINE | ||
| 250 | _a4TH | ||
| 260 |
_bAITBS _aDELHI _c2005 |
||
| 300 | _a1-628 | ||
| 650 | _aPREVENTIVE AND COMMUNITY DENTISTRY | ||
| 942 |
_2ddc _cBK _01 |
||
| 999 |
_c3642 _d3642 |
||